<?xml version="1.0" encoding="UTF-8"?>
<record
    xmlns:xsi="http://www.w3.org/2001/XMLSchema-instance"
    xsi:schemaLocation="http://www.loc.gov/MARC21/slim http://www.loc.gov/standards/marcxml/schema/MARC21slim.xsd"
    xmlns="http://www.loc.gov/MARC21/slim">

  <leader>03354nam a2200565Ia 4500</leader>
  <controlfield tag="001">2896</controlfield>
  <controlfield tag="008">241029s9999    xx            000 0 und d</controlfield>
  <datafield tag="010" ind1=" " ind2=" ">
    <subfield code="a">2725</subfield>
  </datafield>
  <datafield tag="041" ind1=" " ind2=" ">
    <subfield code="a">Espa&#xF1;ol</subfield>
  </datafield>
  <datafield tag="082" ind1=" " ind2=" ">
    <subfield code="a">ST MA-ES 0027 FH 2007</subfield>
  </datafield>
  <datafield tag="245" ind1=" " ind2="0">
    <subfield code="a">Factores que intervienen en la deserci&#xF3;n de los estudiantes de la carrera en Educaci&#xF3;n Menci&#xF3;n Matem&#xE1;ticas (CODIGO 30906) de la Universidad Aut&#xF3;noma de Santo Domingo en su Centro Regional del Nordeste (CURNE). Per&#xED;odo primer semestre 2006-7</subfield>
  </datafield>
  <datafield tag="260" ind1=" " ind2=" ">
    <subfield code="a">Duarte</subfield>
  </datafield>
  <datafield tag="300" ind1=" " ind2=" ">
    <subfield code="a">119</subfield>
  </datafield>
  <datafield tag="520" ind1=" " ind2=" ">
    <subfield code="a">33</subfield>
  </datafield>
  <datafield tag="630" ind1=" " ind2=" ">
    <subfield code="a">Deserci&#xF3;n Estudiantil</subfield>
  </datafield>
  <datafield tag="630" ind1=" " ind2=" ">
    <subfield code="a">Estrategia</subfield>
  </datafield>
  <datafield tag="630" ind1=" " ind2=" ">
    <subfield code="a">Estrategia de Aprendizaje</subfield>
  </datafield>
  <datafield tag="630" ind1=" " ind2=" ">
    <subfield code="a">Factores</subfield>
  </datafield>
  <datafield tag="650" ind1=" " ind2=" ">
    <subfield code="a">Investigaci&#xF3;n</subfield>
  </datafield>
  <datafield tag="690" ind1=" " ind2=" ">
    <subfield code="a">Elaborado</subfield>
  </datafield>
  <datafield tag="700" ind1=" " ind2=" ">
    <subfield code="e">asesor</subfield>
    <subfield code="a">Arias, Rafael</subfield>
  </datafield>
  <datafield tag="700" ind1=" " ind2=" ">
    <subfield code="e">autor</subfield>
    <subfield code="a"> Tejeda Polanco, Corinas</subfield>
  </datafield>
  <datafield tag="700" ind1=" " ind2=" ">
    <subfield code="e">autor</subfield>
    <subfield code="a"> Villar &#xC3;&#x81;lvarez, Mar&#xED;a Josefina</subfield>
  </datafield>
  <datafield tag="901" ind1=" " ind2=" ">
    <subfield code="a">{"1":" Tejeda Polanco","2":" Villar &#xC3;&#x81;lvarez"}</subfield>
    <subfield code="b">{"1":"Corinas","2":"Mar&#xED;a Josefina"}</subfield>
  </datafield>
  <datafield tag="902" ind1=" " ind2=" ">
    <subfield code="a">1</subfield>
  </datafield>
  <datafield tag="903" ind1=" " ind2=" ">
    <subfield code="a">{"1":"Arias"}</subfield>
    <subfield code="b">{"1":"Rafael"}</subfield>
  </datafield>
  <datafield tag="904" ind1=" " ind2=" ">
    <subfield code="a">Mag&#xED;ster en</subfield>
  </datafield>
  <datafield tag="905" ind1=" " ind2=" ">
    <subfield code="a">Ense&#xF1;anza Superior</subfield>
  </datafield>
  <datafield tag="906" ind1=" " ind2=" ">
    <subfield code="a">2</subfield>
  </datafield>
  <datafield tag="907" ind1=" " ind2=" ">
    <subfield code="a">NO APLICA</subfield>
  </datafield>
  <datafield tag="908" ind1=" " ind2=" ">
    <subfield code="a">NO APLICA</subfield>
  </datafield>
  <datafield tag="909" ind1=" " ind2=" ">
    <subfield code="a">Universidad Aut&#xF3;noma de Santo Domingo (UASD)</subfield>
  </datafield>
  <datafield tag="910" ind1=" " ind2=" ">
    <subfield code="a">NULL</subfield>
    <subfield code="b">NULL</subfield>
  </datafield>
  <datafield tag="911" ind1=" " ind2=" ">
    <subfield code="a">["1"]</subfield>
  </datafield>
  <datafield tag="912" ind1=" " ind2=" ">
    <subfield code="a">NO APLICA</subfield>
  </datafield>
  <datafield tag="913" ind1=" " ind2=" ">
    <subfield code="a">NULL</subfield>
  </datafield>
  <datafield tag="914" ind1=" " ind2=" ">
    <subfield code="a">03 de Diciembre de 2007</subfield>
  </datafield>
  <datafield tag="915" ind1=" " ind2=" ">
    <subfield code="a">18/07/15 01:07</subfield>
  </datafield>
  <datafield tag="916" ind1=" " ind2=" ">
    <subfield code="a">NULL</subfield>
  </datafield>
  <datafield tag="917" ind1=" " ind2=" ">
    <subfield code="a">NULL</subfield>
  </datafield>
  <datafield tag="918" ind1=" " ind2=" ">
    <subfield code="a">NO APLICA</subfield>
  </datafield>
  <datafield tag="919" ind1=" " ind2=" ">
    <subfield code="a">["64","92","93","243"]</subfield>
  </datafield>
  <datafield tag="520" ind1=" " ind2=" ">
    <subfield code="a">El prop&#xF3;sito principal de este estudio consisti&#xF3; en determinar los factores que intervienen en la deserci&#xF3;n de los estudiantes de la Carrera de la Licenciatura en Educaci&#xF3;n Menci&#xF3;n Matem&#xE1;ticas (CODIGO 30906) de la Universidad Aut&#xF3;noma de Santo Domingo en su Centro Regional del Nordeste (CURNE) ubicado en la ciudad de San Francisco de Macor&#xED;s, periodo primer semestre 2006-1; tambi&#xE9;n, determinar las metodolog&#xED;as utilizadas por los maestros de matem&#xE1;ticas en el proceso Ense&#xF1;anza Aprendizaje, los Factores que intervienen en el rendimiento acad&#xE9;mico.El m&#xE9;todo empleado en esta investigaci&#xF3;n fue de tipo descriptivo aplicado las t&#xE9;cnicas de la observaci&#xF3;n, entrevista, cuestionarios, an&#xE1;lisis bibliogr&#xE1;fico y documental, las cuales se suministraron a una poblaci&#xF3;n de 290 estudiantes activos de la carrera de educaci&#xF3;n menci&#xF3;n matem&#xE1;ticas,7 desertores y 10 maestros que imparten matem&#xE1;ticas en dicha carrera.El estudio concluy&#xF3; que las principales causas de la deserci&#xF3;n de los estudiantes de Educaci&#xF3;n Menci&#xF3;n Matem&#xE1;ticas fueron: matrimonio, nacimiento de hijos, situaci&#xF3;n econ&#xF3;mica, falta de tiempo, metodolog&#xED;as empleadas por los profesores de matem&#xE1;ticas, ambiente familiar y universitario y bajas calificaciones.Bas&#xE1;ndose en estas conclusiones, el estudio recomienda que se considere la situaci&#xF3;n econ&#xF3;mica de los estudiantes que ingresan a la carrera con el objetivo de ayudarle a que permanezcan en la misma, proporcionales becas o acuerdos de pago, que el maestro utilice variedad de m&#xE9;todos para que los estudiantes adquieran un aprendizaje significativo y as&#xED; como tambi&#xE9;n realizar orientaciones motivacionales por parte de la universidad hacia los estudiante.</subfield>
  </datafield>
  <datafield tag="921" ind1=" " ind2=" ">
    <subfield code="a">16</subfield>
  </datafield>
  <datafield tag="922" ind1=" " ind2=" ">
    <subfield code="a">16</subfield>
  </datafield>
  <datafield tag="923" ind1=" " ind2=" ">
    <subfield code="a">0</subfield>
  </datafield>
  <datafield tag="924" ind1=" " ind2=" ">
    <subfield code="a">NO APLICA</subfield>
  </datafield>
  <datafield tag="942" ind1=" " ind2=" ">
    <subfield code="c">Tesis</subfield>
  </datafield>
  <datafield tag="999" ind1=" " ind2=" ">
    <subfield code="c">2725</subfield>
    <subfield code="d">2725</subfield>
  </datafield>
</record>
